000 00674nam a2200253 4500
999 _c8157
_d8157
001 8157
003 BD-JhCC
005 20180709120945.0
008 710114s1971 nyua b 001 0 eng
020 _a0070115567
035 _a(BD-JhCC)8157
040 _aDLC
_cDLC
_dDLC
_dBD-JhCC
041 _aeng
050 0 0 _aQC173
_b.C552
082 0 0 _a539.7
_bCOH 1971
100 1 _aCohen, Bernard Leonard,
_d1924-
245 1 0 _aConcepts of nuclear physics /
_cBernard L. Cohen.
260 _aNew York,
_bMcGraw-Hill
_c[c1971]
300 _axii, 435 p.
_billus.
_c23 cm.
504 _aBibliography: p. 424-426.
650 0 _aNuclear physics.
942 _2ddc
_cBK